000 00561nam a2200217Ia 4500
003 OSt
005 20220926044204.0
006 a|||||r|||| 00| 0
007 ta
008 220923b |||||||| |||| 00| 0 eng d
037 _cGeneral Book
040 _aRTL
_cRTL
_beng
041 _2eng
_aeng
082 _aY73(P6)-11.73.N7, K8
100 _aLasker Bruno
_9348631
245 0 _aRace attitudes in children
260 _c1968
650 _aNegroes
942 _hY73(P6)-11.73.N7, K8
_cGB
_2CC
999 _c674181
_d674181